Boys & Girls- Conan Gray (Lyrics) - Statistics

General Stats
  • This quiz has been taken 20 times
  • The average score is 184 of 215
Answer Stats
Section Lyrics % Correct
B
100%
a
92%
and
92%
Chorus Boys
92%
boys
92%
(Boys
92%
girls
92%
girls)
92%
no
92%
so
92%
that
92%
That's
92%
that's
92%
the
92%
They
92%
they
92%
want
92%
ya
92%
you
92%
You
92%
your
92%
you're
92%
Bowie
85%
care
85%
Verse 1 Ch
85%
Cherry
85%
face
85%
got
85%
hair
85%
Pre-Chorus He
85%
he
85%
I
85%
if
85%
Like
85%
me
85%
not
85%
right
85%
She
85%
she
85%
super
85%
technologic
85%
their
85%
wants
85%
all
77%
Breakdown All
77%
are
77%
cares
77%
daughters
77%
died
77%
don't
77%
else
77%
even
77%
Fathers
77%
fell
77%
here
77%
I'm
77%
in
77%
know
77%
life
77%
love
77%
Nobody
77%
only
77%
over
77%
psychotic
77%
see
77%
swears
77%
to
77%
wouldn't
77%
bein'
69%
but
69%
dropping
69%
everyone
69%
ironic
69%
Kissed
69%
need
69%
pants
69%
point
69%
Sigh
69%
There's
69%
tonight
69%
competing
62%
crowd
62%
find
62%
of
62%
about
54%
Come
54%
much
54%
(Hey)
38%
No matching quizzes found
Score Distribution
Percent of People with Each Score
Percentile by Number Answered
Your Score History
You have not taken this quiz